[Event "escc2023_50"]
[Site "?"]
[Date "2023.05.31"]
[Round "6.17"]
[White "Cardili, Mariano"]
[Black "Druckenthaner, Andreas"]
[Result "1/2-1/2"]
[BlackElo "2227"]
[WhiteElo "2038"]
[LiveChessVersion "1.4.8"]

1. d4 {[%clk 1:30:44]} f5 {[%clk 1:30:55]} 2. c4 {[%clk 1:31:09]} Nf6
{[%clk 1:31:19]} 3. Nf3 {[%clk 1:31:27]} e6 {[%clk 1:31:37]} 4. g3
{[%clk 1:31:47]} d6 {[%clk 1:31:48]} 5. Bg2 {[%clk 1:31:59]} g6 {[%clk 1:32:09]}
6. O-O {[%clk 1:31:37]} Bg7 {[%clk 1:32:33]} 7. Nc3 {[%clk 1:31:50]} O-O
{[%clk 1:32:45]} 8. Qc2 {[%clk 1:30:33]} Nc6 {[%clk 1:32:41]} 9. Rd1
{[%clk 1:26:28]} Qe8 {[%clk 1:25:03]} 10. b3 {[%clk 1:19:58]} h6 {[%clk 1:18:36]}
11. Bb2 {[%clk 1:19:35]} Qf7 {[%clk 1:15:04]} 12. a3 {[%clk 1:15:27]} e5
{[%clk 1:12:54]} 13. dxe5 {[%clk 1:13:46]} dxe5 {[%clk 1:12:36]} 14. Nd5
{[%clk 1:09:05]} e4 {[%clk 1:04:34]} 15. Ne1 {[%clk 0:47:03]} Be6
{[%clk 0:49:23]} 16. Nxf6+ {[%clk 0:40:36]} Bxf6 {[%clk 0:49:40]} 17. f3
{[%clk 0:36:27]} Rad8 {[%clk 0:44:29]} 18. Bxf6 {[%clk 0:31:16]} Qxf6
{[%clk 0:44:43]} 19. e3 {[%clk 0:31:22]} Ne5 {[%clk 0:36:29]} 20. Rxd8
{[%clk 0:27:16]} Rxd8 {[%clk 0:35:32]} 21. Rd1 {[%clk 0:27:25]} exf3
{[%clk 0:34:09]} 22. Bxf3 {[%clk 0:22:48]} c6 {[%clk 0:33:27]} 23. Be2
{[%clk 0:20:50]} c5 {[%clk 0:25:55]} 24. Rxd8+ {[%clk 0:18:28]} Qxd8
{[%clk 0:26:17]} 25. Nd3 {[%clk 0:18:38]} Nxd3 {[%clk 0:24:08]} 26. Qxd3
{[%clk 0:18:47]} Qxd3 {[%clk 0:24:17]} 27. Bxd3 {[%clk 0:19:06]} Kf7
{[%clk 0:24:44]} 28. Kf2 {[%clk 0:14:51]} Kf6 {[%clk 0:24:53]} 29. Kf3
{[%clk 0:14:26]} Ke5 {[%clk 0:24:47]} 30. h4 {[%clk 0:13:10]} Bd7
{[%clk 0:21:05]} 31. Ke2 {[%clk 0:09:00]} Bc6 {[%clk 0:18:24]} 32. Kd2
{[%clk 0:08:59]} Bf3 {[%clk 0:15:40]} 33. Bf1 {[%clk 0:07:32]} Kf6
{[%clk 0:13:46]} 34. Bh3 {[%clk 0:05:52]} b6 {[%clk 0:12:07]} 35. Bf1
{[%clk 0:05:31]} Be4 {[%clk 0:08:33]} 36. Bh3 {[%clk 0:04:35]} Bb7
{[%clk 0:06:19]} 37. Bf1 {[%clk 0:04:12]} g5 {[%clk 0:06:10]} 38. hxg5+
{[%clk 0:04:14]} hxg5 {[%clk 0:06:05]} 39. Be2 {[%clk 0:03:30]} Ke5
{[%clk 0:06:08]} 40. Bd3 {[%clk 0:02:54]} Bf3 {[%clk 0:04:55]} 41. Bf1
{[%clk 0:02:05]} Bh1 {[%clk 0:04:41]} 42. Bd3 {[%clk 0:01:47]} Bg2
{[%clk 0:04:36]} 43. Kc3 {[%clk 0:30:30]} Kf6 {[%clk 0:33:53]} 44. Kd2
{[%clk 0:30:04]} Kg6 {[%clk 0:33:54]} 45. g4 {[%clk 0:24:41]} Kf6
{[%clk 0:23:47]} 46. gxf5 {[%clk 0:21:19]} Ke5 {[%clk 0:22:22]} 47. Ke2
{[%clk 0:19:53]} Bh3 {[%clk 0:21:40]} 48. e4 {[%clk 0:20:08]} Kf4
{[%clk 0:19:20]} 49. Bc2 {[%clk 0:17:51]} Bg4+ {[%clk 0:18:58]} 1/2-1/2

[Event "escc2023_50"]
[Site "?"]
[Date "2023.05.31"]
[Round "6.18"]
[White "Folk, Petr"]
[Black "Zimmermann, Luc"]
[Result "1/2-1/2"]
[BlackElo "2037"]
[WhiteElo "2135"]
[LiveChessVersion "1.4.8"]

1. e4 {[%clk 1:30:46]} e6 {[%clk 1:30:58]} 2. d4 {[%clk 1:31:10]} d5
{[%clk 1:31:22]} 3. Nc3 {[%clk 1:31:22]} Nf6 {[%clk 1:31:44]} 4. Bg5
{[%clk 1:31:20]} h6 {[%clk 1:31:57]} 5. Bxf6 {[%clk 1:31:03]} Qxf6
{[%clk 1:32:24]} 6. exd5 {[%clk 1:25:24]} Bb4 {[%clk 1:32:40]} 7. Bc4
{[%clk 1:23:50]} O-O {[%clk 1:31:21]} 8. Nge2 {[%clk 1:16:49]} exd5
{[%clk 1:31:41]} 9. Bxd5 {[%clk 1:16:14]} Rd8 {[%clk 1:31:49]} 10. O-O
{[%clk 1:01:18]} Bxc3 {[%clk 1:32:08]} 11. Nxc3 {[%clk 1:01:37]} Nc6
{[%clk 1:32:33]} 12. Bxc6 {[%clk 0:58:11]} bxc6 {[%clk 1:32:57]} 13. Re1
{[%clk 0:55:55]} Bf5 {[%clk 1:05:39]} 14. Re5 {[%clk 0:52:56]} Rab8
{[%clk 0:59:11]} 15. Qf3 {[%clk 0:40:08]} Bxc2 {[%clk 0:58:24]} 16. Qxf6
{[%clk 0:40:17]} gxf6 {[%clk 0:58:52]} 17. Re2 {[%clk 0:38:51]} Bd3
{[%clk 0:51:03]} 18. Rd2 {[%clk 0:37:42]} Rxd4 {[%clk 0:49:17]} 19. Rad1
{[%clk 0:29:49]} Rbd8 {[%clk 0:49:27]} 20. f3 {[%clk 0:27:43]} R4d6
{[%clk 0:29:08]} 21. Kf2 {[%clk 0:24:11]} Kf8 {[%clk 0:23:26]} 22. Rc1
{[%clk 0:22:49]} Ke7 {[%clk 0:13:55]} 23. Ne2 {[%clk 0:21:00]} Bb5
{[%clk 0:08:26]} 24. Rxd6 {[%clk 0:20:17]} Rxd6 {[%clk 0:08:33]} 25. Rc2
{[%clk 0:19:25]} Bxe2 {[%clk 0:06:05]} 26. Kxe2 {[%clk 0:19:25]} Kd7
{[%clk 0:05:45]} 27. b3 {[%clk 0:18:13]} Rd5 {[%clk 0:05:16]} 28. Rc4
{[%clk 0:18:02]} Ra5 {[%clk 0:04:09]} 29. a4 {[%clk 0:18:01]} Rh5
{[%clk 0:04:11]} 30. h4 {[%clk 0:17:19]} c5 {[%clk 0:03:13]} 31. Ke3
{[%clk 0:15:05]} Rd5 {[%clk 0:02:13]} 32. Kf4 {[%clk 0:08:35]} Ke6
{[%clk 0:01:50]} 33. Ke4 {[%clk 0:08:24]} f5+ {[%clk 0:00:56]} 34. Ke3
{[%clk 0:07:49]} Kd6 {[%clk 0:01:03]} 35. g4 {[%clk 0:06:41]} fxg4
{[%clk 0:01:20]} 36. fxg4 {[%clk 0:07:00]} Rd1 {[%clk 0:00:50]} 37. Ke4
{[%clk 0:06:26]} Re1+ {[%clk 0:00:51]} 38. Kf5 {[%clk 0:05:34]} Rf1+
{[%clk 0:01:20]} 39. Rf4 {[%clk 0:05:25]} Rxf4+ {[%clk 0:01:02]} 40. Kxf4
{[%clk 0:05:53]} Ke6 {[%clk 0:01:22]} 41. Ke4 {[%clk 0:27:52]} f6
{[%clk 0:25:22]} 42. a5 {[%clk 0:21:00]} a6 {[%clk 0:23:00]} 43. Kf4
{[%clk 0:21:00]} Ke7 {[%clk 0:23:01]} 44. Ke4 {[%clk 0:16:53]} Ke6
{[%clk 0:22:31]} 45. h5 {[%clk 0:17:12]} c6 {[%clk 0:21:04]} 46. Kf4
{[%clk 0:17:34]} Ke7 {[%clk 0:21:15]} 1/2-1/2

[Event "escc2023_50"]
[Site "?"]
[Date "2023.05.31"]
[Round "6.19"]
[White "Molina, Fabrizio"]
[Black "Sielicki, Tomasz"]
[Result "1/2-1/2"]
[BlackElo "1972"]
[WhiteElo "2131"]
[LiveChessVersion "1.4.8"]

1. Nf3 {[%clk 1:30:54]} d5 {[%clk 1:30:50]} 2. e3 {[%clk 1:31:04]} c5
{[%clk 1:29:26]} 3. b3 {[%clk 1:30:07]} Nc6 {[%clk 1:29:18]} 4. Bb2
{[%clk 1:30:24]} Nf6 {[%clk 1:28:31]} 5. d4 {[%clk 1:26:50]} e6 {[%clk 1:28:02]}
6. Be2 {[%clk 1:23:44]} cxd4 {[%clk 1:25:53]} 7. exd4 {[%clk 1:22:55]} Bb4+
{[%clk 1:24:54]} 8. c3 {[%clk 1:22:54]} Be7 {[%clk 1:20:07]} 9. O-O
{[%clk 1:22:50]} O-O {[%clk 1:19:55]} 10. Nbd2 {[%clk 1:20:48]} a5
{[%clk 1:14:00]} 11. a4 {[%clk 1:17:05]} b6 {[%clk 1:11:51]} 12. Bb5
{[%clk 1:17:15]} Na7 {[%clk 1:08:38]} 13. Bd3 {[%clk 1:17:15]} Nc6
{[%clk 1:08:40]} 14. Qe2 {[%clk 1:17:32]} Bb7 {[%clk 1:08:22]} 15. Ne5
{[%clk 1:16:17]} Nxe5 {[%clk 0:50:01]} 16. dxe5 {[%clk 1:15:01]} Nd7
{[%clk 0:47:46]} 17. Rfe1 {[%clk 1:15:25]} Nc5 {[%clk 0:45:28]} 18. Bc2
{[%clk 1:15:46]} Ba6 {[%clk 0:42:12]} 19. Qe3 {[%clk 1:10:50]} f5
{[%clk 0:35:43]} 20. exf6 {[%clk 1:10:32]} Bxf6 {[%clk 0:34:16]} 21. Nf3
{[%clk 1:06:37]} Qc7 {[%clk 0:26:40]} 22. Rad1 {[%clk 1:04:53]} Rae8
{[%clk 0:25:43]} 23. Ba3 {[%clk 0:57:49]} Bb7 {[%clk 0:22:56]} 24. Ng5
{[%clk 0:51:19]} Bxg5 {[%clk 0:15:59]} 25. Qxg5 {[%clk 0:51:33]} Qf4
{[%clk 0:13:06]} 26. Qxf4 {[%clk 0:41:27]} Rxf4 {[%clk 0:13:34]} 27. f3
{[%clk 0:38:41]} Bc6 {[%clk 0:13:13]} 28. Rd4 {[%clk 0:35:37]} Rf6
{[%clk 0:12:16]} 29. Rh4 {[%clk 0:35:38]} g6 {[%clk 0:11:58]} 30. b4
{[%clk 0:28:15]} axb4 {[%clk 0:11:28]} 31. Rxb4 {[%clk 0:28:08]} Nd7
{[%clk 0:10:17]} 32. Bc1 {[%clk 0:28:31]} e5 {[%clk 0:08:16]} 33. Be3
{[%clk 0:25:48]} Ra8 {[%clk 0:07:15]} 34. Reb1 {[%clk 0:23:14]} Nc5
{[%clk 0:06:21]} 35. Ra1 {[%clk 0:16:15]} Be8 {[%clk 0:06:10]} 36. f4
{[%clk 0:11:00]} exf4 {[%clk 0:04:17]} 37. Bxf4 {[%clk 0:10:35]} Re6
{[%clk 0:02:07]} 38. Bg3 {[%clk 0:02:04]} Kg7 {[%clk 0:02:07]} 39. Bf2
{[%clk 0:02:03]} Re2 {[%clk 0:01:20]} 40. Bd1 {[%clk 0:00:40]} Rxf2
{[%clk 0:01:19]} 41. Kxf2 {[%clk 0:01:04]} Nd3+ {[%clk 0:01:46]} 42. Ke3
{[%clk 0:01:23]} Nxb4 {[%clk 0:02:00]} 43. cxb4 {[%clk 0:01:51]} Rc8
{[%clk 0:24:45]} 44. a5 {[%clk 0:26:07]} bxa5 45. bxa5 {[%clk 0:25:52]} Rc4
{[%clk 0:15:11]} 46. a6 {[%clk 0:20:19]} Bc6 {[%clk 0:14:03]} 47. a7
{[%clk 0:19:07]} Ba8 {[%clk 0:14:29]} 48. Ra4 {[%clk 0:18:14]} Rc7
{[%clk 0:09:39]} 49. Kd4 {[%clk 0:17:42]} Kf6 {[%clk 0:09:45]} 50. Bb3
{[%clk 0:13:57]} Ke7 {[%clk 0:08:35]} 51. Ra5 {[%clk 0:09:58]} Ke6
{[%clk 0:07:23]} 52. Rxd5 {[%clk 0:07:27]} Ke7 {[%clk 0:06:53]} 53. Ra5
{[%clk 0:07:46]} Rd7+ {[%clk 0:04:38]} 54. Ke3 {[%clk 0:06:26]} Kd8
{[%clk 0:04:02]} 55. Bc2 {[%clk 0:05:28]} Kc7 {[%clk 0:03:20]} 56. Ra3
{[%clk 0:01:14]} Kb6 {[%clk 0:03:25]} 57. g3 {[%clk 0:01:34]} Re7+
{[%clk 0:02:36]} 58. Kf2 {[%clk 0:02:01]} Rf7+ {[%clk 0:01:48]} 59. Kg1
{[%clk 0:00:53]} g5 {[%clk 0:01:07]} 60. g4 {[%clk 0:00:32]} h6 {[%clk 0:01:33]}
61. Bf5 {[%clk 0:00:44]} Rc7 {[%clk 0:01:53]} 62. Kf2 {[%clk 0:00:51]} Re7
{[%clk 0:02:14]} 63. Kg3 {[%clk 0:01:03]} Rxa7 {[%clk 0:02:40]} 64. Rxa7
{[%clk 0:01:16]} Kxa7 {[%clk 0:03:09]} 65. Kf2 {[%clk 0:01:03]} Kb6
{[%clk 0:03:37]} 66. Ke3 {[%clk 0:01:10]} Kc5 {[%clk 0:04:04]} 67. Be4
{[%clk 0:01:28]} Bd5 {[%clk 0:04:26]} 68. Bxd5 {[%clk 0:00:37]} Kxd5
{[%clk 0:04:55]} 69. Kd3 {[%clk 0:00:40]} Ke5 {[%clk 0:05:24]} 70. Ke3
{[%clk 0:01:02]} Kd5 {[%clk 0:05:50]} 71. Kd3 {[%clk 0:01:28]} Ke5
{[%clk 0:06:19]} 1/2-1/2

[Event "escc2023_50"]
[Site "?"]
[Date "2023.05.31"]
[Round "6.20"]
[White "Giudici, Alberto"]
[Black "Vehi Bach, Victor Manuel"]
[Result "1/2-1/2"]
[BlackElo "2236"]
[WhiteElo "1843"]
[LiveChessVersion "1.4.8"]

1. d4 {[%clk 1:30:54]} Nf6 {[%clk 1:30:50]} 2. Nf3 {[%clk 1:31:07]} e6
{[%clk 1:31:02]} 3. c3 {[%clk 1:31:00]} b6 {[%clk 1:30:11]} 4. Bf4
{[%clk 1:30:33]} Bb7 {[%clk 1:30:22]} 5. e3 {[%clk 1:30:37]} d6 {[%clk 1:30:01]}
6. Nbd2 {[%clk 1:30:52]} Nbd7 {[%clk 1:25:30]} 7. Be2 {[%clk 1:27:06]} g6
{[%clk 1:25:45]} 8. h4 {[%clk 1:19:30]} Bg7 {[%clk 1:24:36]} 9. Qc2
{[%clk 1:12:04]} Qe7 {[%clk 1:19:20]} 10. O-O-O {[%clk 1:02:43]} h6
{[%clk 1:11:09]} 11. Rhg1 {[%clk 0:55:57]} e5 {[%clk 1:02:43]} 12. dxe5
{[%clk 0:47:24]} dxe5 {[%clk 1:03:07]} 13. Bg3 {[%clk 0:47:30]} O-O-O
{[%clk 0:51:22]} 14. e4 {[%clk 0:31:47]} Kb8 {[%clk 0:50:05]} 15. Ne1
{[%clk 0:30:49]} h5 {[%clk 0:36:57]} 16. f3 {[%clk 0:29:09]} Bh6 {[%clk 0:37:18]}
17. Kb1 {[%clk 0:29:01]} Nc5 {[%clk 0:19:57]} 18. Nd3 {[%clk 0:25:28]} Nxd3
{[%clk 0:17:51]} 19. Bxd3 {[%clk 0:25:53]} Nd7 {[%clk 0:17:37]} 20. Nb3
{[%clk 0:19:15]} Nc5 {[%clk 0:11:34]} 21. Nxc5 {[%clk 0:18:11]} Qxc5
{[%clk 0:12:03]} 22. Bf2 {[%clk 0:16:12]} Qe7 {[%clk 0:10:56]} 23. Qe2
{[%clk 0:16:01]} Rd6 {[%clk 0:08:46]} 24. Bc4 {[%clk 0:12:42]} Rhd8
{[%clk 0:09:09]} 25. Rxd6 {[%clk 0:13:00]} Rxd6 {[%clk 0:09:30]} 26. Rd1
{[%clk 0:13:11]} Rxd1+ {[%clk 0:07:58]} 27. Qxd1 {[%clk 0:13:36]} f5
{[%clk 0:07:31]} 28. Bd5 {[%clk 0:09:06]} Qd6 {[%clk 0:06:05]} 29. Kc2
{[%clk 0:06:52]} Bxd5 {[%clk 0:06:19]} 30. Qxd5 {[%clk 0:07:12]} Qxd5
{[%clk 0:06:22]} 31. exd5 {[%clk 0:07:38]} c6 {[%clk 0:06:17]} 32. dxc6
{[%clk 0:06:44]} Kc7 {[%clk 0:06:40]} 33. Kd3 {[%clk 0:06:33]} Kxc6
{[%clk 0:07:08]} 34. c4 {[%clk 0:06:34]} Bf8 {[%clk 0:06:22]} 1/2-1/2

[Event "escc2023_50"]
[Site "?"]
[Date "2023.05.31"]
[Round "6.21"]
[White "Meessen, Rudolf"]
[Black "Zaninotto, Franco"]
[Result "1-0"]
[BlackElo "1999"]
[WhiteElo "2155"]
[LiveChessVersion "1.4.8"]

1. e4 {[%clk 1:30:56]} c5 {[%clk 1:27:00]} 2. Nc3 {[%clk 1:30:42]} g6
{[%clk 1:27:20]} 3. d4 {[%clk 1:30:58]} cxd4 {[%clk 1:27:07]} 4. Qxd4
{[%clk 1:31:22]} Nf6 {[%clk 1:27:32]} 5. Nf3 {[%clk 1:31:18]} Nc6
{[%clk 1:27:57]} 6. Qd3 {[%clk 1:31:26]} Bg7 {[%clk 1:26:01]} 7. Nd5
{[%clk 1:31:14]} O-O {[%clk 1:23:21]} 8. c3 {[%clk 1:31:41]} d6 {[%clk 1:20:51]}
9. Bg5 {[%clk 1:32:06]} Nxd5 {[%clk 1:15:17]} 10. exd5 {[%clk 1:32:05]} Ne5
{[%clk 1:14:20]} 11. Nxe5 {[%clk 1:32:30]} dxe5 {[%clk 1:12:50]} 12. Qd2
{[%clk 1:14:34]} Qd6 {[%clk 1:00:36]} 13. Bc4 {[%clk 1:07:10]} Bd7
{[%clk 0:55:03]} 14. O-O {[%clk 1:07:20]} Rac8 {[%clk 0:48:35]} 15. Bb3
{[%clk 1:07:44]} Bb5 {[%clk 0:45:30]} 16. Rfe1 {[%clk 1:04:29]} Bc4
{[%clk 0:39:44]} 17. Bxc4 {[%clk 0:56:40]} Rxc4 {[%clk 0:40:08]} 18. b3
{[%clk 0:57:04]} Rc7 {[%clk 0:35:56]} 19. c4 {[%clk 0:57:28]} e6 {[%clk 0:33:50]}
20. Rad1 {[%clk 0:54:43]} exd5 {[%clk 0:28:17]} 21. Qxd5 {[%clk 0:55:08]} Qxd5
{[%clk 0:27:06]} 22. Rxd5 {[%clk 0:55:19]} f6 {[%clk 0:20:05]} 23. Be3
{[%clk 0:55:33]} b6 {[%clk 0:19:32]} 24. a4 {[%clk 0:55:33]} Rb8 {[%clk 0:12:58]}
25. f4 {[%clk 0:47:23]} Rbb7 {[%clk 0:10:38]} 26. fxe5 {[%clk 0:47:28]} fxe5
{[%clk 0:11:02]} 27. Red1 {[%clk 0:44:19]} Kf7 {[%clk 0:10:51]} 28. Bc1
{[%clk 0:41:00]} Bf6 {[%clk 0:08:19]} 29. Ba3 {[%clk 0:38:48]} Be7
{[%clk 0:07:10]} 30. Bb2 {[%clk 0:27:06]} Bc5+ {[%clk 0:06:54]} 31. Kh1
{[%clk 0:27:31]} Bd4 {[%clk 0:07:01]} 32. Bxd4 {[%clk 0:27:37]} exd4
{[%clk 0:07:26]} 33. R1xd4 {[%clk 0:24:23]} Re7 {[%clk 0:05:39]} 34. h3
{[%clk 0:23:18]} Re1+ {[%clk 0:04:32]} 35. Kh2 {[%clk 0:23:46]} Rbe7
{[%clk 0:04:56]} 36. Rd7 {[%clk 0:19:56]} Rb1 {[%clk 0:03:21]} 37. Rf4+
{[%clk 0:17:26]} Ke8 {[%clk 0:03:16]} 38. Rd3 {[%clk 0:17:08]} Re2
{[%clk 0:02:41]} 39. Rff3 {[%clk 0:17:16]} Ke7 {[%clk 0:02:18]} 40. Kg3
{[%clk 0:17:06]} Rbb2 {[%clk 0:02:23]} 41. Kf4 {[%clk 0:08:20]} Re1
{[%clk 0:19:00]} 42. g4 {[%clk 0:37:56]} h6 {[%clk 0:15:34]} 43. g5
{[%clk 0:27:45]} hxg5+ {[%clk 0:09:34]} 44. Kxg5 {[%clk 0:28:09]} Rg1+
{[%clk 0:09:01]} 45. Kh6 {[%clk 0:23:27]} g5 {[%clk 0:05:50]} 46. Rde3+
{[%clk 0:18:10]} Kd6 {[%clk 0:04:49]} 47. Rg3 {[%clk 0:18:34]} Rbg2
{[%clk 0:04:26]} 48. Rxg2 {[%clk 0:12:22]} Rxg2 {[%clk 0:04:51]} 49. Kg6
{[%clk 0:10:36]} a6 {[%clk 0:01:21]} 50. Rd3+ {[%clk 0:05:46]} Kc6
{[%clk 0:01:41]} 51. Rf3 {[%clk 0:05:39]} Kd6 {[%clk 0:01:14]} 52. Rf6+
{[%clk 0:05:12]} Kc7 {[%clk 0:01:33]} 53. Rf3 {[%clk 0:03:42]} Kd6
{[%clk 0:01:45]} 54. Kf5 {[%clk 0:04:07]} Kc5 {[%clk 0:01:18]} 55. Ke5
{[%clk 0:04:31]} g4 {[%clk 0:01:17]} 56. hxg4 {[%clk 0:03:23]} Rxg4
{[%clk 0:01:42]} 57. Ke6 {[%clk 0:03:44]} Rg6+ {[%clk 0:00:52]} 58. Kd7
{[%clk 0:03:57]} Kb4 {[%clk 0:00:58]} 59. Kc7 {[%clk 0:03:47]} Ka5
{[%clk 0:00:45]} 60. Rd3 {[%clk 0:03:17]} Rg7+ {[%clk 0:00:50]} 61. Kc6
{[%clk 0:03:27]} b5 {[%clk 0:00:31]} 62. axb5 {[%clk 0:03:38]} axb5
{[%clk 0:00:57]} 63. c5 {[%clk 0:03:32]} Rg6+ {[%clk 0:01:17]} 64. Kc7
{[%clk 0:03:01]} Rg7+ {[%clk 0:01:36]} 65. Rd7 {[%clk 0:02:47]} Rg3
{[%clk 0:01:46]} 66. c6 {[%clk 0:02:52]} Rxb3 {[%clk 0:02:02]} 67. Kb7
{[%clk 0:02:55]} Rc3 {[%clk 0:02:23]} 68. c7 {[%clk 0:02:15]} b4 {[%clk 0:02:42]}
69. Rd6 {[%clk 0:02:19]} b3 {[%clk 0:01:34]} 70. Rc6 {[%clk 0:01:09]} Rxc6
{[%clk 0:01:58]} 71. Kxc6 {[%clk 0:01:34]} b2 72. c8=Q {[%clk 0:01:55]} Kb4
{[%clk 0:02:42]} 1-0

[Event "escc2023_50"]
[Site "?"]
[Date "2023.05.31"]
[Round "6.22"]
[White "Waddington, Mike P"]
[Black "Roatta, Luca"]
[Result "1-0"]
[BlackElo "2122"]
[WhiteElo "1996"]
[LiveChessVersion "1.4.8"]

1. e4 {[%clk 1:30:55]} c6 {[%clk 1:30:54]} 2. d4 {[%clk 1:31:04]} d5
{[%clk 1:31:15]} 3. exd5 {[%clk 1:31:27]} cxd5 {[%clk 1:31:38]} 4. Bd3
{[%clk 1:31:52]} Nc6 {[%clk 1:31:45]} 5. c3 Nf6 {[%clk 1:31:16]} 6. Bf4
{[%clk 1:32:26]} e6 {[%clk 1:30:48]} 7. Nf3 {[%clk 1:32:32]} Bd6 {[%clk 1:29:07]}
8. Bxd6 {[%clk 1:32:52]} Qxd6 {[%clk 1:29:32]} 9. O-O {[%clk 1:33:14]} O-O
{[%clk 1:29:25]} 10. Qe2 {[%clk 1:31:35]} Bd7 {[%clk 1:20:16]} 11. Ne5
{[%clk 1:30:29]} Rae8 {[%clk 1:20:08]} 12. Nd2 {[%clk 1:30:16]} Bc8
{[%clk 1:18:24]} 13. f4 {[%clk 1:30:16]} Ne7 {[%clk 1:11:14]} 14. Rae1
{[%clk 1:25:01]} g6 {[%clk 1:03:51]} 15. Qf2 {[%clk 1:21:58]} Kg7
{[%clk 1:01:36]} 16. Re3 {[%clk 1:22:05]} Nf5 {[%clk 0:52:08]} 17. Rh3
{[%clk 1:21:15]} h5 {[%clk 0:50:27]} 18. Qe2 {[%clk 1:11:24]} Rh8
{[%clk 0:45:19]} 19. Ndf3 {[%clk 1:06:43]} Ng4 {[%clk 0:39:57]} 20. Bb5
{[%clk 0:50:20]} Re7 {[%clk 0:34:04]} 21. Ba4 {[%clk 0:49:18]} f6
{[%clk 0:32:13]} 22. Nd3 {[%clk 0:48:50]} b6 {[%clk 0:31:28]} 23. Bb5
{[%clk 0:47:10]} Bd7 {[%clk 0:28:54]} 24. Bxd7 {[%clk 0:47:19]} Qxd7
{[%clk 0:29:06]} 25. Re1 {[%clk 0:45:49]} Rhe8 {[%clk 0:26:44]} 26. Qd2
{[%clk 0:44:27]} Qc6 {[%clk 0:21:12]} 27. Nf2 {[%clk 0:40:50]} Nd6
{[%clk 0:20:19]} 28. Qc2 {[%clk 0:39:54]} Nf5 {[%clk 0:15:36]} 29. Nd3
{[%clk 0:27:34]} Qc7 {[%clk 0:13:17]} 30. Qb1 {[%clk 0:27:14]} a5
{[%clk 0:12:27]} 31. Nh4 {[%clk 0:26:47]} b5 {[%clk 0:08:48]} 32. a3
{[%clk 0:25:13]} Qc4 {[%clk 0:08:57]} 33. Nf3 {[%clk 0:23:24]} Kf7
{[%clk 0:04:51]} 34. Nc5 {[%clk 0:16:11]} b4 {[%clk 0:04:36]} 35. a4
{[%clk 0:13:58]} bxc3 {[%clk 0:03:01]} 36. bxc3 {[%clk 0:13:29]} Nfe3
{[%clk 0:02:44]} 37. Qb2 {[%clk 0:08:22]} Rb8 {[%clk 0:01:46]} 38. Qxb8
{[%clk 0:07:54]} Qa2 {[%clk 0:02:10]} 39. Rg3 {[%clk 0:05:15]} Qf2+
{[%clk 0:02:20]} 40. Kh1 {[%clk 0:05:14]} h4 {[%clk 0:01:13]} 41. Rxg4
{[%clk 0:01:05]} Nxg4 {[%clk 0:00:37]} 42. h3 {[%clk 0:21:56]} Ne3
{[%clk 0:27:06]} 43. Rxe3 {[%clk 0:20:42]} Qxe3 {[%clk 0:27:28]} 44. Qh8
{[%clk 0:18:48]} Qc1+ {[%clk 0:25:49]} 45. Ng1 {[%clk 0:19:04]} Qxf4
{[%clk 0:26:06]} 46. Qh7+ {[%clk 0:19:04]} Kf8 {[%clk 0:26:12]} 47. Qxg6
{[%clk 0:18:10]} e5 {[%clk 0:20:44]} 48. Nd3 {[%clk 0:12:11]} Qf1
{[%clk 0:17:46]} 49. dxe5 {[%clk 0:12:17]} fxe5 {[%clk 0:17:31]} 50. Nc5
{[%clk 0:12:02]} Qf7 {[%clk 0:15:26]} 51. Qh6+ {[%clk 0:11:33]} Kg8
{[%clk 0:15:03]} 52. Qxh4 {[%clk 0:11:07]} e4 {[%clk 0:15:09]} 53. Qg4+
{[%clk 0:11:12]} Qg7 {[%clk 0:12:14]} 54. Qxg7+ {[%clk 0:10:27]} Kxg7
{[%clk 0:12:38]} 55. Ne2 {[%clk 0:10:55]} Kf6 {[%clk 0:12:59]} 56. Kg1
{[%clk 0:09:28]} Rc7 {[%clk 0:12:26]} 57. Nb3 {[%clk 0:09:38]} Rc4
{[%clk 0:12:25]} 58. Nxa5 {[%clk 0:09:50]} Rxa4 {[%clk 0:12:41]} 59. Nc6
{[%clk 0:10:08]} Rc4 {[%clk 0:11:39]} 60. Ncd4 {[%clk 0:10:11]} e3
{[%clk 0:10:28]} 61. Nc2 {[%clk 0:07:18]} Re4 {[%clk 0:10:03]} 62. g3
{[%clk 0:07:38]} Ke5 {[%clk 0:05:58]} 63. Kg2 {[%clk 0:07:52]} Ra4
{[%clk 0:06:17]} 64. Kf3 {[%clk 0:08:13]} Ra2 {[%clk 0:05:15]} 65. Nxe3
{[%clk 0:08:33]} Ra8 {[%clk 0:05:13]} 66. Ng4+ {[%clk 0:08:19]} Kf5
{[%clk 0:04:57]} 67. Nd4+ {[%clk 0:08:31]} Kg5 {[%clk 0:05:04]} 68. h4+
{[%clk 0:08:46]} Kg6 {[%clk 0:05:22]} 69. Ne3 {[%clk 0:08:54]} Rf8+
{[%clk 0:05:01]} 70. Kg4 {[%clk 0:08:46]} Kf6 {[%clk 0:03:32]} 71. Nxd5+
{[%clk 0:08:00]} Ke5 {[%clk 0:03:53]} 72. Nf4 {[%clk 0:08:10]} Ke4
{[%clk 0:03:59]} 73. h5 {[%clk 0:08:12]} Rg8+ {[%clk 0:03:57]} 74. Ng6
{[%clk 0:08:34]} Rc8 {[%clk 0:04:11]} 75. Nf5 {[%clk 0:08:13]} Rxc3
{[%clk 0:04:28]} 76. h6 {[%clk 0:08:21]} Rc7 {[%clk 0:03:29]} 77. Nfe7
{[%clk 0:08:40]} 1-0

[Event "escc2023_50"]
[Site "?"]
[Date "2023.05.31"]
[Round "6.24"]
[White "Mileto, Gabriele"]
[Black "Tunge, Christian"]
[Result "1/2-1/2"]
[BlackElo "1991"]
[WhiteElo "2092"]
[LiveChessVersion "1.4.8"]

1. Nf3 {[%clk 1:30:57]} c5 {[%clk 1:30:24]} 2. c4 {[%clk 1:31:14]} g6
{[%clk 1:30:09]} 3. d4 {[%clk 1:29:55]} cxd4 {[%clk 1:29:43]} 4. Nxd4
{[%clk 1:30:12]} Nc6 {[%clk 1:30:04]} 5. e4 {[%clk 1:30:10]} Nf6 {[%clk 1:29:11]}
6. Nc3 {[%clk 1:30:27]} d6 {[%clk 1:29:27]} 7. Be2 {[%clk 1:29:59]} Nxd4
{[%clk 1:29:30]} 8. Qxd4 {[%clk 1:30:21]} Bg7 {[%clk 1:29:52]} 9. Bg5
{[%clk 1:24:58]} O-O {[%clk 1:29:44]} 10. Qd2 {[%clk 1:22:31]} a5
{[%clk 1:28:43]} 11. O-O {[%clk 1:12:42]} a4 {[%clk 1:27:57]} 1/2-1/2